000 00634cam a2200217 4500500
005 20260329004527.0
041 _afre
042 _adc
100 1 0 _aEnjalbert, Cédric
_eauthor
245 0 0 _aLa philo en tubes
260 _c2020.
500 _a63
690 _aChanson
690 _aClaire de Ribaupierre.
690 _aMassimo Furlan
690 _aMichela Marzano
690 _aSpectacle
690 _aVinciane Despret
786 0 _nPhilosophie magazine | 137 | 3 | 2020-03-01 | p. 72-73 | 1951-1787
856 4 1 _uhttps://shs.cairn.info/magazine-philosophie-magazine-2020-3-page-72?lang=fr&redirect-ssocas=7080
999 _c1834793
_d1834793